000 01596cam a2200169 4500500
005 20251012000702.0
041 _afre
042 _adc
100 1 0 _aMontebourg, Arnaud
_eauthor
700 1 0 _a Montebourg, Arnaud
_eauthor
700 1 0 _a François, Bastien
_eauthor
700 1 0 _a François, Bastien
_eauthor
245 0 0 _aLa Constitution de la 6e République : Réconcilier les Français avec la démocratie
260 _bOdile Jacob,
_c2005.
520 _a« La défiance s’installe en France et entre les Français. Nous ne sommes plus capables de traiter les problèmes que la Nation doit surmonter, d’affronter les périls économiques et sociaux, de faire vivre les valeurs qui sont les nôtres.Parce que nous assistons à une sourde et lente décomposition du système politique, menacé par le poison du discrédit. Reconstruire la démocratie, réconcilier les Français avec leur système politique, faire correspondre davantage les choix politiques et la classe dirigeante qui les porte aux aspirations profondes de notre pays: la 6e République recherche l’harmonie entre les actes et les discours, la 6e République est une république résolument moderne! C’est la république telle que Pierre Mendès France l’avait rêvée. » A. M. et B. F.On trouvera ici le texte complet et commenté de la constitution pour une nouvelle république. Le document fondateur à partir duquel le débat public devra nécessairement s’organiser.
856 4 1 _uhttps://shs.cairn.info/la-constitution-de-la-6e-republique--9782738116864?lang=fr&redirect-ssocas=7080
999 _c1511697
_d1511697